Normal view
MARC view
Entry Personal Name
001 - CONTROL NUMBER
- control field: 4614
003 - CONTROL NUMBER IDENTIFIER
- control field: OSt
005 - DATE AND TIME OF LATEST TRANSACTION
- control field: 20150512152547.0
008 - FIXED-LENGTH DATA ELEMENTS
- fixed length control field: 150512|| aca||aabn | a|a d
040 ## - CATALOGING SOURCE
- Original cataloging agency: OSt
- Transcribing agency: OSt
100 ## - HEADING--PERSONAL NAME
- Personal name: editor Maria,Stokes
670 ## - SOURCE DATA FOUND
- Source citation: Work cat.: (OSt): editor Maria,Stokes, Physical management for neurological conditions, 2012
